Statistics for All Epic Minigames (2/14/23)

Click here to take the quiz!

General Stats

  • This quiz has been taken 4 times
  • The average score is 37 of 124

Answer Stats

InitialsAnswer% Correct
AAvalanche
67%
BHSBlack Hole Scramble
67%
BDBBlow Dryer Battle
67%
CDCake Delivery
67%
CCCrag Clamber
67%
DODDisc of Doom
67%
FTFFlee the Facility
67%
FFFlintlock Fight
67%
GGGladiator Grounds
67%
HHHaunted Hallways
67%
H-RHigh-Rolling
67%
JJJust Jump
67%
KOTHKing of the Hill
67%
MMManic Mining
67%
NABNudge and Budge
67%
OOutbreak
67%
RRRolling Race
67%
SAShock Absorbers
67%
SSSolo Swordsman
67%
TCThe Crusher
67%
TSThe Sweeper
67%
UGUncertain Ground
67%
VAVertical Apprehension
67%
W-A-BWhack-a-Block
67%
AWAbove Water
33%
AAAccurate Archery
33%
AAAztec Adventure
33%
BDBackforth Dash
33%
BBBalcony Bolt
33%
BPBalloon Platoon
33%
BSBattleship Skirmish
33%
BBBeat Block
33%
BBBBig Bomb Boom
33%
BMBlast Mining
33%
BHBlock Hunt
33%
BBBombastic Bash
33%
BBomberblox
33%
BABombs Away
33%
BBooksquash
33%
BBBowling Bustle
33%
BBrickbattle
33%
BBBullet Bound
33%
CCCannon Cooldown
33%
CCCastle Climb
33%
CCCloud Control
33%
CCConveyor Conundrum
33%
CCCrystal Clear
33%
CFCube Factory
33%
DDDesert Dehydration
33%
DTSDestroy the Statue
33%
DTLDrawing the Line
33%
EOEagle Observation
33%
EGElectrical Gridlines
33%
ESExpedition Sprint
33%
FFFishing Frenzy
33%
FFFootball Fever
33%
FCFour Corners
33%
FAFreeze Affray
33%
GBGear Battle
33%
GUGoing Underground
33%
H-PHard-Pressed
33%
HWOHedge Way Out
33%
HHHen Herding
33%
H-A-GHex-a-Gone
33%
JJuggernaut
33%
LJLane Jumping
33%
LCLaser Cutting
33%
LGLaser Guidance
33%
LFLava Forecast
33%
LOLights On
33%
MMMarble Madness
33%
OOPOnly One Path
33%
OCOrb Collection
33%
OSOrbit Snatcher
33%
PPipeworks
33%
PPPlatform Peril
33%
PTSProtect the Statue
33%
RRRampant Rhythms
33%
RCRevolution Cube
33%
RRRound Race
33%
RRRowing Rush
33%
SSShark Survival
33%
STSSurvive the Spheres
33%
TTTeamwork Trial
33%
TTTile Takeover
33%
TRToxic Reactions
33%
TSTurntable Scurry
33%
UAUndead Aboard
33%
BBBackstreet Brawl
0%
BBBomb Ball
0%
BEBullet Evasion
0%
CCCastle Clash
0%
CSClear Side
0%
CCCliffside Chaos
0%
CCCollection Contention
0%
CAColossal Assault
0%
CCCompactor Crash
0%
CICrumble Island
0%
DDDeforestation Dash
0%
DDDizzying Decisions
0%
DDodgeball
0%
DRDownhill Roll
0%
HHHide Hunt
0%
HPHigh Pressure
0%
HHHurdle Hurry
0%
LTLaser Tag
0%
MMMechanical Mayhem
0%
MCMissile Command
0%
MMMower Mania
0%
PTPPaint to Perfection
0%
PPPenguin Pushover
0%
PPPyre Pit
0%
RDRing Diver
0%
RRRocket Rumble
0%
RSRomper Stomper
0%
SSSkewer Shuffle
0%
SSSlippery Sledding
0%
SSSpiky Spinner
0%
SASpiral Ascent
0%
SSSweeping Singe
0%
TTTeetering Turmoil
0%
TTTrain Trouble
0%
TTTreacherous Tiles
0%
TTTrial Traversing
0%

Score Distribution

Percentile by Number Answered

Percent of People with Each Score

Your Score History

You have not taken this quiz